000 00598nam a22001937a 4500
999 _c20129
_d20129
003 AR-CdUCM
008 190527b ||||| |||| 00| 0 spa d
040 _aMUNICIPALIDAD PROVINCIAL DEL CUSCO
_cBIBLIOTECA MUNICIPAL DEL CUSCO
082 _a929.2 /
_bB23
100 _aBarreda, Felipe A.
_931105
245 _aDos linajes /
260 _aLima :
_bEdit. Lumen,
_c1955.
300 _a262 páginas ;
_bIlustraciones, retratos,
_c25 cm.
505 _aContenido: Bolivar -- Soria.
650 _aLibros raros
_942100
650 _aManuscritos
_98377
942 _2ddc
_cLIBROS
945 _adavv
_d2019-05-27